000 00949nam a22002897a 4500
003 CHAP
005 20220329140703.0
008 971013s1994 r 10010 d
010 _a56063
011 _a57035
035 _a61188
040 _cCHAP
082 _a636.3063
_bC6 1994
111 0 0 _aCongreso Nacional de Producción Ovina (
_n7
_d: 1994
_c: Toluca, Méx.)
_927090
245 _aMemorias
260 _aToluca, Méx. :
_bUniversidad Autónoma del Estado de México. Facultad de Medicina Veterinaria y Zootecnia,
_c1994
300 _a135 p.
500 _aFotocopia
590 _aBATCH-UPD
_b10
_c20130110
_lUCH01
_h2242
590 _aBATCH-UPD
_b10
_c20130410
_lUCH01
_h1536
590 _aBATCH-UPD
_b10
_c20130914
_lUCH01
_h1532
590 _aCONVERSION
_b10
_c20130109
_lUCH01
_h1330
650 1 4 _aGanado lanar
_xCongresos.
_945164
901 _aBK
942 _cLIBRO
949 _a636.3063 C6 1994
_bBC
_cCONG
_d-131506
_eCONG
_h89739
_i61188
_si
999 _c56063
_d56063